000 00814nam a2200253Ia 4500
003 OSt
005 20250109095832.0
008 210716s2004 xx 000 0 und d
020 _a8176568708
040 _cAIMIT LIBRARY
041 _aeng
082 _a005.7401
_bBAYI
100 _aBayross, Ivan.
_9192745
245 _aCommercial applications development using oracle developer 9ids and oracle 9ias on linux.
250 _a1
260 _aNew Delhi
_bBPB Publications
_c2004
300 _aviii,672p.;
_bPB
_c25 cm.
650 _aInstalling oracle 9i as on linux
_9192746
650 _aStarting with oracle forms 9i
_9192747
650 _aWorking with a master detail form
_9192748
650 _apl/sql libraries
_9192749
650 _aWorking with menus
_9192750
942 _2ddc
_cBK
_e1st
_k005.7401 BAYI
999 _c186044
_d186044